Estadísticas para Jugadores de Argentina 2022

Haz click aquí para intentar la prueba.

Estadísticas generales

  • Esta prueba ha sido intentada 683 veces
  • La puntuación promedio es 19 de 28

Estadísticas de respuestas

NúmeroJugadores% Correcto
10Lionel Messi
96%
23Emiliano Martínez
90%
9Julián Álvarez
89%
11Ángel Di María
86%
DTLionel Scaloni
85%
1Franco Armani
82%
7Rodrigo De Paul
81%
22Lautaro Martínez
79%
24Enzo Fernández
78%
19Nicolás Otamendi
78%
3Nicolás Tagliafico
74%
5Leandro Paredes
71%
13Cristian Romero
66%
4Gonzalo Montiel
65%
25Lisandro Martínez
65%
26Nahuel Molina
65%
20Alexis Mac Allister
64%
21Paulo Dybala
63%
Segundo DTPablo Aimar
62%
12Gerónimo Rulli
59%
8Marcos Acuña
58%
6Germán Pezzella
53%
15Ángel Correa
50%
2Juan Foyth
48%
18Guido Rodriguéz
47%
16Thiago Almada
47%
17Alejandro Gómez
45%
14Exequiel Palacios
36%

Distribución de puntuación

Porcentaje por número respondido

Porcentaje de gente con cada puntuación

Historial de tus puntuaciones

No has intentado esta prueba.